| 000 | 01030nam a2200253Ia 4500 | ||
|---|---|---|---|
| 003 | OSt | ||
| 005 | 20220918110737.0 | ||
| 006 | a|||||r|||| 00| 0 | ||
| 007 | ta | ||
| 008 | 220915b |||||||| |||| 00| 0 hin d | ||
| 020 |
_a8188032093 (hbk) _c300 |
||
| 024 | _a246786 | ||
| 037 |
_b456, 24/03/2008, Swaraj Prakashan _cReference Collections |
||
| 040 |
_aARTS _cARTS _bhin |
||
| 041 |
_2hin _ahin |
||
| 082 | _aP152,4:4k, P6 (RR) | ||
| 100 |
_aपरमहंस, एस.पी., संपा. _99340 |
||
| 245 | 0 |
_aहिन्दी मुहावरा कोश _b संग्रह, अर्थ तथा प्रयोग |
|
| 246 | _aHindī muhāvarā kosha: sangraha, artha tathā prayoga | ||
| 260 |
_aदिल्ली _bदिल्ली पुस्तक सदन भारत _c2006 |
||
| 300 | _a272पृ0 | ||
| 942 |
_hP152,4:4k, P6 (RR) _cREF |
||
| 999 |
_c114422 _d114422 |
||